1938 1852 1753 1599 1337 1633 1870 1887 1001 1752 1529 1639 1455 1371 1886 1290 1814 1105 1606 1008 1782 1189 1042 1051 1150 1665 1821 1263 1031 1993 1806 1741 1425 1186 1550 1975 1837 1984 1240 1924 1838 1070 1893 1934 1968 1841 1209 1393 1428 1665 1775 1309 1805 1491 1328 1436 1003 1824 1840 1820 1683 1582 1242 1526 1554 1649 1831 1941 1251 1680 1847 1744 1623 1745 1324 1270 1224 1900 1826 1138 1618 1710 1745 1084 1081 1574 1881 1778 1886 1965 1087 1218 1086 1779 1544 1293 1704 1610 1653 BCNSPRNW ULIB Ver.6.0+V

เปลี่ยนเป็นภาษาไทย

Change to English
 แสดงรายละเอียดบรรณานุกรม
  กลับหน้าหลัก

Brief Record : Get Marc (ISO 2709) : E-mail record : QR code < ปิดหน้าต่าง
LEADER : 00000nam 2200000uu 4500
001    13399115222
003     ULIB
008    120731s2548||||th 000 0 tha d
020    ^a9789749508428
060 04 ^aWC100^bส253ป 2548
100 0  ^aสมนึก สังฆานุภาพ
245 10 ^aปริศนาคลินิก :^bโรคติดเชื้อ /^cโดย สมนึก สังฆานุภาพ
250    ^aพิมพ์ครั้งที่ 1
260    ^aกรุงเทพฯ :^bหมอชาวบ้าน,^c2548
300    ^a131 หน้า :^bภาพประกอบ ;^c21 ซม.
650  7 ^aโรคติดเชื้อ^xการวินิจฉัย
650  7 ^aโรคติดต่อ^xการวินิจฉัย
650  7 ^aโรคติดต่อ^xผู้ป่วย
945    ^p290^l0^i17110
945    ^p290^l0^i17111
995    ^aกัณชพร
999    ^aใช้งานได้ทุกระบบ
รายการนี้ยังไม่มีแท็ก
คุณยังไม่ได้ล็อกอิน คุณสามารถมีกิจกรรมร่วมกับเว็บไซต์ได้ แต่ต้องล็อกอินก่อน ::
  ล็อกอิน

รายการสื่อสารสนเทศ

ลำดับที่ ประเภท เลขเรียก/บาร์โค้ด สถานที่ สถานะ
1. วิทยาศาสตร์การแพทย์ และสุขภาพ
วิทยาศาสตร์การแพทย์ และสุขภาพ
WC100 ส253ป 2548 ฉ.2 
  Barcode: 17111
ห้องสมุดวิทยาเขตสวรรค์ประชารักษ์
►หนังสือทั่วไป
บนชั้น

รายการใกล้เคียง
    ผู้แต่ง [สมนึก สังฆานุภาพ]

BibComment


ยังไม่เคยถูกคอมเมนท์

คอมเมนท์ทรัพยากรรายการนี้
  คอมเมนท์: ปริศนาคลินิก โร..


 Copyright 2026. Bcnsprnw @Library